000 01235nam a2200229Ia 4500
001 a1833-44963
003 IT-MiCISF
005 20260130153332.0
008 161014s9999||||xx |||||||||||||| ||und||
040 _aIT-MiCISF
_cIT-MiCISF
041 _ait
100 _aTumbiolo Elisa
_963283
245 0 _aCasalinga in carriera
260 _a Milano,
_bAres,
_c2008
300 _app. 181
500 _a / donna, madre-lavoratrice, lavoro-domestico /
520 _aQuesto libro narra strategie per organizzare con efficacia la casa, non rinunciare alle proprie aspirazioni professionali e avere molto più tempo per se stesse. Ogni fatto ed episodio qui raccontati non sono frutto di fantasia, ma vita vera di ogni giorno e trasmettono fedelmente il percorso interiore compiuto dall'A. che, chiudendo queste pagine, non si sente moglie, madre, amica e professionista perfetta, ma semplicemente donna consapevole e felice. Fra i dubbi e i problemi posti dal quotidiano, emerge una certezza: la realizzazione femminile sul lavoro e in società si fonda sul cuore e sulla responsabilità che solo una donna sa mettere e prendersi nella sfera domestica.
650 _aDonna
654 _asaggio
942 _cBK
_2ddc
999 _c217360
_d217360
999 _bsi